Diseño de un sistema de abastecimiento de agua potable para los barrios Buenos Aires, Tierra Blanca y Jorge Martínez, municipio de Boaco, departamento de Boaco

Presenta el diseñar el sistema de abastecimiento de agua potable en los barrios Buenos Aires, Tierra Blanca y Jorge Martínez, ciudad de Boaco, departamento de Boaco. Con el objetivo de brindar solución al desabastecimiento de agua potable en los barrios Buenos Aires, Tierra Blanca y Jorge Martín...

Full description

Bibliographic Details
Main Authors: Gutiérrez Reyes, Milder Junior, Jambrina Bodden, Marvin Danilo, Chávez Ortega, Fernando Ismael
Other Authors: Tutor: Fajardo González, Ricardo Javier
Format: Tesis Section = Libro
Language:Undetermined
Spanish
Published: Managua UNI-IES 2020
Subjects:
LEADER 01735nam a2200277Ia 4500
008 240830s9999 xx 000 0 und d
040 |a BIBLIOTECA-RUPAP Mon 628.1 G984 
041 |a spa 
082 |a Mon 628.1 G984 
100 1 |a Gutiérrez Reyes, Milder Junior 
100 1 |b  Jambrina Bodden, Marvin Danilo 
100 1 |c  Chávez Ortega, Fernando Ismael 
245 1 0 |a Diseño de un sistema de abastecimiento de agua potable para los barrios Buenos Aires, Tierra Blanca y Jorge Martínez, municipio de Boaco, departamento de Boaco 
260 |a Managua  |b UNI-IES  |c 2020 
300 |a 87 p. :il. 
500 |a Contiene: anexos y CD. 
502 |a Tesis (Ingeniero Civil)- UNI, 2020. 
520 3 |a Presenta el diseñar el sistema de abastecimiento de agua potable en los barrios Buenos Aires, Tierra Blanca y Jorge Martínez, ciudad de Boaco, departamento de Boaco. Con el objetivo de brindar solución al desabastecimiento de agua potable en los barrios Buenos Aires, Tierra Blanca y Jorge Martínez, se ha decidido desarrollar dos sistemas de abastecimiento de agua, uno para el barrio Buenos Aires y otro para los barrios Tierra Blanca y Jorge Martínez, esto debido a que los barrios Tierra Blanca y Jorge Martínez limitan entre ellos y pueden ser abastecidos por una misma fuente cercana. Para el barrio Buenos Aires se desarrolló otra fuente de abastecimiento y una línea de conducción diferente e independiente. 
650 7 |a SISTEMAS DE ABASTECIMIENTO DE AGUA-DISEÑO Y CONSTRUCCION 
650 7 |b AGUA POTABLE 
650 7 |c CALIDAD DEL AGUA SUBTERRANEA 
650 7 |d  TRATAMIENTO (POTABILIZACION) 
700 1 |a Tutor:  |b Fajardo González, Ricardo Javier 
942 |c BK  |2 ddc 
991 |a TESIS 
999 |c 16223